000 00236nam a2200097Ia 4500
008 240331s9999 xx 000 0 und d
082 _bGID
100 _aGiddens, A
245 4 _aThe third way :
_bthe renewal of social democracy
942 _cL
999 _c2254
_d2254